Piłkarze z dwiema Złotymi Piłkami - Statystyki

Ogólne statystyki
  • Ten quiz został rozwiązany 93 razy
  • Średni wynik to 6 z 10
Statystyki odpowiedzi
Liczba
trofeów
Kraj Odpowiedź % Poprawnych
5 Portugalia Cristiano Ronaldo
100%
8 Argentyna Lionel Messi
100%
2 Brazylia Ronaldo
98%
3 Holandia Johan Cruyff
72%
3 Francja Michel Platini
66%
3 Holandia Marco van Basten
65%
2 RFN Franz Beckenbauer
55%
2 Hiszpania Alfredo Di Stefano
44%
2 RFN Karl-Heinz Rummenigge
16%
2 Anglia Kevin Keegan
15%
Nie znaleziono quizów pasujących do podanych kryteriów
Rozkład punktacji
Procent ludzi z każdym wynikiem
Percentyl według liczby udzielonych odpowiedzi
Twoja historia wyników
Nie rozwiązałeś tego quizu